000 00475nam a2200181Ia 4500
005 20250326142019.0
008 250326s9999 xx 000 0 und d
037 _aTextbook
040 _aFMSL
_beng
_cFMSL
041 _aeng
_2eng
084 _qFMSL
100 _aMehta V R
245 0 _aIdeology modernization and politics in India
_cMehta V R
260 _aNew Delhi
_bNew Delhi, Manohar Pub.
_c1988
300 _a243p
942 _cTB
999 _c1293047
_d1293047